000
00266nam a2200109Ia 4500
008
190912s9999||||xx |||||||||||||| ||und||
100
_a
Ross Westerfield
245
0
_a
Essentials of Corporate Finance
260
_a
USA
_b
Prentice
_c
1996
300
_a
236
942
_c
BK
999
_c
7139
_d
7139